000 00885nam a2200181Ia 4500
999 _c8282
_d8282
005 20250123094743.0
008 230609s9999 xx 000 0 und d
040 _aUPAN
_cBiblioteca San Vicente
_eRCAA2
041 _aspa
082 _a348.023
_bC678l
_c2003
110 _aAsamblea Legislativa
245 0 _aLey de la jurisdicción contencioso administrativo/
_bAsamblea Legislativa
260 _aEl Salvador;
_bCorte suprema de justicia,
_c2003
300 _a16 p.:
_c22 cm.
505 _aCapitulo I. Jurisdicción y competencia Capitulo II. Demanda Capitulo III. Suspensión del acto administrativo impugnado Capitulo IV. Procedimiento Capitulo V. Sentencia y su ejecución Capitulo VI. Otras causas de terminación Capitulo VII. Suspensión de la ejecución de la sentencia Capitulo VIII. Disposiciones generales
650 _2LEMB
_aAdministración publica
942 _cBK
_2ddc